000 00316nam a2200121 a 4500
005 20141022142007.0
008 090305s19uu xx 00 eng d
050 _aCD-ROM
_bB56 1987
245 _aBack Office Small Business Server.
650 _aCD-ROM
650 _aBack Office Small Business Server
942 _cAVM
999 _c276568
_d276568